NBA Opening Night Starters 2025–2026 - Statistics

General Stats
  • This quiz has been taken 1,950 times
    1,254 since last reset
  • The average score is 96 of 150
Answer Stats
Group Answer % Correct
76ers G Tyrese Maxey
96%
76ers C Joel Embiid
95%
Bucks F G. Antetokounmpo
94%
Heat G Davion Mitchell
90%
Celtics G Derrick White
90%
Cavaliers G Donovan Mitchell
90%
Celtics F Jaylen Brown
90%
Grizzlies G Ja Morant
88%
Clippers G James Harden
86%
Hornets G LaMelo Ball
86%
Warriors C Draymond Green
85%
Cavaliers F Evan Mobley
85%
Cavaliers C Jarrett Allen
85%
Hawks G Trae Young
85%
Bucks G AJ Green
84%
Suns G Grayson Allen
84%
Grizzlies F Jaren Jackson Jr.
84%
Clippers F Kawhi Leonard
84%
Jazz G Keyonte George
84%
Wizards F Kyshawn George
84%
Lakers G Luka Dončić
84%
Nuggets C Nikola Jokić
83%
Thunder G S. Gilgeous-Alexander
83%
Warriors G Stephen Curry
83%
Knicks G Jalen Brunson
82%
Nuggets G Jamal Murray
82%
Spurs C Victor Wembanyama
82%
Timberwolves G Anthony Edwards
81%
Lakers F Austin Reaves
81%
Heat C Bam Adebayo
81%
Pistons G Cade Cunningham
81%
Knicks F Karl-Anthony Towns
81%
Bucks G Kevin Porter Jr.
81%
Nets F Michael Porter Jr.
81%
Rockets G Amen Thompson
80%
Suns G Devin Booker
80%
Pistons C Jalen Duren
80%
Bulls G Josh Giddey
80%
Bulls C Nikola Vučević
80%
Magic F Paolo Banchero
80%
Pistons F Ausar Thompson
79%
Clippers C Ivica Zubac
79%
Hawks F Jalen Johnson
79%
Rockets G Kevin Durant
79%
Mavericks G Klay Thompson
79%
Kings G Zach LaVine
79%
Pelicans F Zion Williamson
79%
Nuggets F Cameron Johnson
78%
Mavericks F Anthony Davis
77%
Thunder F Chet Holmgren
77%
Spurs F Harrison Barnes
77%
Jazz F Lauri Markkanen
77%
Knicks G Mikal Bridges
77%
Hornets F Miles Bridges
77%
Bucks C Myles Turner
77%
Timberwolves C Rudy Gobert
77%
Raptors F Scottie Barnes
77%
Lakers C Deandre Ayton
76%
Kings F DeMar DeRozan
76%
Magic F Franz Wagner
76%
Rockets F Alperen Şengün
75%
Mavericks G Cooper Flagg
75%
Thunder C Isaiah Hartenstein
75%
Nuggets F Aaron Gordon
74%
Warriors F Jimmy Butler
74%
Pacers C Isaiah Jackson
73%
Pacers F Pascal Siakam
73%
Celtics G Payton Pritchard
72%
Magic G Desmond Bane
71%
Pistons G Duncan Robinson
71%
Timberwolves F Julius Randle
70%
Thunder F Luguentz Dort
70%
76ers G VJ Edgecombe
70%
Hawks C Kristaps Porzingis
69%
Knicks F OG Anunoby
69%
Spurs G Stephon Castle
69%
Raptors F Brandon Ingram
68%
Rockets C Steven Adams
68%
Pacers G Andrew Nembhard
67%
Nets G Cam Thomas
65%
Timberwolves F Jaden McDaniels
65%
Magic G Jalen Suggs
65%
Nuggets G Christian Braun
64%
Rockets F Jabari Smith Jr.
64%
Lakers F Rui Hachimura
64%
Hawks G Dyson Daniels
63%
Nets C Nic Claxton
63%
Pistons F Tobias Harris
63%
Trail Blazers G Jrue Holiday
62%
76ers F Kelly Oubre Jr.
62%
Jazz C Walker Kessler
62%
Wizards C Alex Sarr
61%
Hornets G Brandon Miller
61%
Mavericks C Dereck Lively
61%
Magic C Wendell Carter Jr.
61%
Heat F Andrew Wiggins
60%
Clippers F Derrick Jones Jr.
60%
Pelicans G Herbert Jones
60%
Pelicans G Jordan Poole
60%
Raptors G RJ Barrett
60%
Bulls G Tre Jones
60%
Suns F Dillon Brooks
59%
Raptors C Jakob Poeltl
59%
Heat G Norman Powell
58%
Wizards G C.J. McCollum
57%
Trail Blazers F Deni Avdija
57%
Spurs G Devin Vassell
57%
Pacers F Aaron Nesmith
56%
Warriors G Brandin Podziemski
56%
Raptors G Immanuel Quickley
56%
Celtics C Neemias Queta
54%
Hornets F Kon Knueppel
53%
Mavericks F P.J. Washington
53%
Wizards F Khris Middleton
52%
Clippers G Bradley Beal
51%
Bulls F Matas Buzelis
50%
Pelicans F Trey Murphy
50%
Thunder G Cason Wallace
49%
Warriors F Jonathan Kuminga
48%
Pacers G Bennedict Mathurin
47%
Trail Blazers G Shaedon Sharpe
47%
Hawks F Zaccharie Risacher
47%
Trail Blazers C Donovan Clingan
45%
Timberwolves G Donte DiVincenzo
44%
Bucks F Gary Trent Jr.
41%
Grizzlies F K. Caldwell-Pope
40%
Celtics F Sam Hauser
38%
Kings G Dennis Schroder
37%
Trail Blazers F Toumani Camara
37%
Lakers G Gabe Vincent
36%
Bulls F Isaac Okoro
36%
Suns F Ryan Dunn
36%
Pelicans C Yves Missi
36%
Grizzlies G Jaylen Wells
33%
Nets F Terance Mann
33%
Hornets C Ryan Kalkbrenner
30%
Cavaliers G Sam Merrill
30%
Wizards G Bub Carrington
29%
Spurs F Julian Champagnie
28%
Heat F Nikola Jović
28%
Cavaliers F Jaylon Tyson
23%
76ers F Dominick Barlow
21%
Jazz F Kyle Filipowski
19%
Knicks C Ariel Hukporti
18%
Nets G Ben Saraf
17%
Grizzlies C Jock Landale
16%
Suns C Oso Ighodaro
14%
Kings C Drew Eubanks
13%
Jazz G Svi Mykhailiuk
11%
Kings F Nique Clifford
10%
No matching quizzes found
Score Distribution
Percent of People with Each Score
Percentile by Number Answered
Your Score History
You have not taken this quiz since the last reset